| 000 | 02539nam0a2200493 4500 | ||
|---|---|---|---|
| 001 | RU\NLR\BIBL_A\011292738 | ||
| 005 | 20260408123654.0 | ||
| 020 |
_aRU _9От Февраля к Октябрю: коллекция листовок/Рос. нац. б-ка |
||
| 035 | _a(NLR Aleph) 011292738 | ||
| 090 |
_a10931434 _c10931434 |
||
| 100 | _a20161214j19170627|||y0rusy50 ca | ||
| 101 | 0 | _arus | |
| 102 | _aRU | ||
| 105 | _ay z 000yy | ||
| 135 | _acrcn 024apada | ||
| 200 | 1 |
_aТелеграммы От Петроградского телеграфного агентства _e[листовка] |
|
| 210 |
_aУсмань [Тамбовская губ.] _cГор. Усман. тип. И.П. Расторгуева _d1917, июль, 27 |
||
| 215 |
_a[1] л. _d15х45 |
||
| 300 | _aПеред текстом: Экстренный выпуск 3. 27 июня 1917 года. | ||
| 300 | _aКоллекция листовок "От Февраля к Октябрю" (2 экз.) | ||
| 325 | 1 | _aКопия доступна в Электронной библиотеке РНБ | |
| 327 | 1 | _aО событиях в России и Румынии в 20-х числах июня 1917 г. | |
| 333 | _aПеред текстом: Цена 5 коп. | ||
| 540 | 1 | _aЦена 5 коп. | |
| 540 | 1 | _aО событиях в России и Румынии в 20-х числах июня 1917 г. | |
| 540 | 1 | _aЭкстренный выпуск 3. 27 июня 1917 года. | |
| 540 | 1 |
_aОт Февраля к Октябрю _eлистовки |
|
| 607 |
_aРоссия _jЛистовки _xИстория _z1917 _92250871 _3RU\NLR\AUTH\661350120 |
||
| 686 | 0 | _aТ3(2)524.2,011 | |
| 686 | 0 | _aТ3(2)711.19-68,011 | |
| 686 | 1 | _aЦ35(2)711,011 | |
| 710 | 0 | 2 |
_aПетроградское телеграфное агентство _3RU\NLR\AUTH\880426910 _9518409 |
| 711 | 0 | 1 |
_aРоссия _bВерховный главнокомандующий _c1914-1917 _bСтавка _3RU\NLR\AUTH\8810032471 _9563489 |
| 711 | 0 | 2 | _aЗападный фронт |
| 711 | 0 | 2 |
_aРумынский фронт _c1916-1918 _3RU\NLR\AUTH\8810125126 _9747721 |
| 711 | 0 | 2 |
_aКавказский фронт _c1914-1917 _3RU\NLR\AUTH\8810061751 _9624997 |
| 852 | 0 | 0 |
_aNLR _bФл _jXV/115 |
| 942 | _cBOOK | ||
| 980 | _aNB | ||
| 981 | 4 | 2 |
_a(42) 1917: от Февраля к Октябрю _b(42) Листовки 1917 года |